000
00324nam a2200133Ia 4500
003
GCL
008
140319s9999 xx 000 0 ara d
040
_a
GCL /
_c
GCL
082
0
4
_a
224.2
_b
ا ن
245
1
0
_a
التبيان فى أداب القرأن
260
_a
[S.N] :
_b
دار الجيل
300
_a
1361 ص
490
_a
999
_c
35492
_d
35492